| 000 | 00468nam a22001577a 4500 | ||
|---|---|---|---|
| 003 | SISC | ||
| 005 | 20161004154436.0 | ||
| 008 | 161004b xxu||||| |||| 00| 0 eng d | ||
| 020 | _a9789351157991 | ||
| 050 |
_aTK 7887 _b.C739 2016 |
||
| 245 |
_aComputer systems servicing : _bintermediate / _c3G Elearning FZ LLC. |
||
| 260 |
_aUAE : _b3G Elearning, _c2016. |
||
| 300 |
_avi, 318 pages : _bcolor illustrations ; _c29 cm. |
||
| 500 | _aIncludes index. | ||
| 942 |
_2lcc _cBK |
||
| 999 |
_c305148 _d305148 |
||